Statistics for Things that joe has said

Click here to take the quiz!

General Stats

  • This quiz has been taken 2 times
  • The average score is 3 of 12

Answer Stats

Action or SaidWhat he said/ did% Correct
saidSODA!!!!
100%
said100 year
50%
actionfalls off a bike
50%
saidIm gay
50%
saidJuste outbreak
50%
actionchases ice cream truck
0%
saidD*ck!
0%
saidI have a sister who is the love of my life
0%
saidI like kids better than people
0%
saidShe was 12 I was 30
0%
saidWill you shut up man
0%
saidYou tried your breast
0%

Score Distribution

Percentile by Number Answered

Percent of People with Each Score

Your Score History

You have not taken this quiz